[Event "Sao Paulo-chT"]
[Site "Sao Paulo"]
[Date "2019.02.24"]
[Round "4.4"]
[White "Pelikian, Jefferson"]
[Black "Tavares Neto, Estevao"]
[Result "1-0"]
[WhiteElo "2359"]
[BlackElo "1885"]
[PlyCount "59"]
[EventDate "2019.02.23"]
[EventType "team-tourn"]
[EventRounds "7"]
[EventCountry "BRA"]
[SourceTitle "CBM 189 Extra"]
[Source "ChessBase"]
[SourceDate "2019.06.03"]
[SourceVersion "1"]
[SourceVersionDate "2019.06.03"]
[SourceQuality "1"]
[WhiteTeam "Osasco"]
[BlackTeam "Sao Jose Taimanov"]
[WhiteTeamCountry "BRA"]
[BlackTeamCountry "BRA"]

1. e4 c5 2. Nf3 d6 3. Bc4 Nf6 4. Qe2 Nc6 5. c3 Bg4 6. d3 Bxf3 7. Qxf3 a6 8. Bb3 Qd7 9. h3 g6 10. 0-0 Bg7 11. Rd1 0-0 12. d4 cxd4 13. cxd4 Qc7 14. Nc3 e6 15. Be3 Rac8 16. Rac1 Qb8 17. Bg5 Ne8 18. Qe3 Na5 19. Be7 Nxb3 20. axb3 Nf6 21. e5 Rxc3 22. bxc3 Nd5 23. Qg5 Nxe7 24. Qxe7 dxe5 25. dxe5 Re8 26. Qb4 Bxe5 27. Rd7 b6 28. Rcd1 a5 29. Qh4 Kg7 30. Rxf7+ 1-0

[Event "Pan American-ch Seniors 50"]
[Site "St Croix"]
[Date "2018.12.12"]
[Round "8"]
[White "Pelikian, Jefferson"]
[Black "Rodriguez Rivera, Pedro"]
[Result "1-0"]
[WhiteElo "2359"]
[BlackElo "2223"]
[PlyCount "119"]
[EventDate "2018.12.08"]
[EventType "swiss"]
[EventRounds "9"]
[EventCountry "ISV"]
[SourceTitle "CBM 188 Extra"]
[Source "ChessBase"]
[SourceDate "2019.02.26"]
[SourceVersion "1"]
[SourceVersionDate "2019.02.26"]
[SourceQuality "1"]

1. e4 d6 2. d4 Nf6 3. Nc3 e6 4. Nf3 Be7 5. Bd3 0-0 6. 0-0 b6 7. Qe2 Bb7 8. Rd1 Nfd7 9. e5 d5 10. Nb1 c5 11. c3 Nc6 12. a3 c4 13. Bc2 b5 14. Nbd2 a5 15. Nf1 b4 16. axb4 axb4 17. Rxa8 Bxa8 18. Ng3 Na5 19. Bb1 Re8 20. cxb4 Nb3 21. Be3 Bc6 22. Nd2 Nxd2 23. Bxd2 Qb6 24. Qg4 Nf8 25. h4 Kh8 26. Nh5 Ng6 27. Bxg6 hxg6 28. Nf4 Ba4 29. Rc1 Bxb4 30. Be3 Bf8 31. h5 gxh5 32. Qxh5+ Kg8 33. Nh3 g6 34. Qh4 Qxb2 35. Ng5 Bg7 36. Nh7 Rb8 37. Nf6+ Kf8 38. Qh7 c3 39. Qg8+ Ke7 40. Qxg7 c2 41. Qh6 Rb4 42. Qf4 Qc3 43. Ng8+ Ke8 44. Nf6+ Ke7 45. Qg5 Kf8 46. Bd2 Qxd4 47. Bxb4+ Qxb4 48. Ng4 Qd4 49. Nh2 Qd1+ 50. Nf1 d4 51. Qd2 d3 52. f3 Ke8 53. Kf2 Kf8 54. Qe1 Kg7 55. Ne3 d2 56. Qxd1 cxd1Q 57. Rxd1 Bxd1 58. Nxd1 g5 59. g4 f6 60. Ke3 1-0

[Event "Paulista-chT"]
[Site "Sao Paulo"]
[Date "2018.02.24"]
[Round "5.1"]
[White "Pelikian, Jefferson"]
[Black "De Souza, Mauro Guimaraes"]
[Result "1/2-1/2"]
[WhiteElo "2359"]
[BlackElo "2299"]
[PlyCount "46"]
[EventDate "2018.02.17"]
[EventType "team-tourn"]
[EventRounds "7"]
[EventCountry "BRA"]
[SourceTitle "CBM 183 Extra"]
[Source "ChessBase"]
[SourceDate "2018.04.19"]
[SourceVersion "1"]
[SourceVersionDate "2018.04.19"]
[SourceQuality "1"]
[WhiteTeam "Osasco"]
[BlackTeam "AAS CDRSJ FIP"]
[WhiteTeamCountry "BRA"]
[BlackTeamCountry "BRA"]

1. d4 Nf6 2. Nf3 e6 3. e3 c5 4. Bd3 cxd4 5. exd4 b6 6. 0-0 Bb7 7. Re1 Be7 8. c3 0-0 9. Nbd2 d6 10. Qc2 Nbd7 11. Ne4 Qc7 12. Bg5 h6 13. Bxf6 Nxf6 14. Nxf6+ Bxf6 15. Bh7+ Kh8 16. Be4 Rfe8 17. Re3 Bxe4 18. Qxe4 d5 19. Qg4 b5 20. Ne5 Bxe5 21. dxe5 Rac8 22. a3 Qe7 23. Rd1 Rc4 1/2-1/2

[Event "Paulista-chT"]
[Site "Sao Paulo"]
[Date "2018.02.18"]
[Round "4.4"]
[White "Dos Reis, Leandro Aparecido C"]
[Black "Pelikian, Jefferson"]
[Result "1/2-1/2"]
[WhiteElo "1992"]
[BlackElo "2359"]
[PlyCount "115"]
[EventDate "2018.02.17"]
[EventType "team-tourn"]
[EventRounds "7"]
[EventCountry "BRA"]
[SourceTitle "CBM 183 Extra"]
[Source "ChessBase"]
[SourceDate "2018.04.19"]
[SourceVersion "1"]
[SourceVersionDate "2018.04.19"]
[SourceQuality "1"]
[WhiteTeam "Caetano CDRSJ"]
[BlackTeam "Osasco"]
[WhiteTeamCountry "BRA"]
[BlackTeamCountry "BRA"]

1. d4 e6 2. e4 d5 3. Nc3 dxe4 4. Nxe4 Bd7 5. Nf3 Bc6 6. Bd3 Bxe4 7. Bxe4 c6 8. 0-0 Nf6 9. Bd3 Nbd7 10. b3 Be7 11. Bb2 0-0 12. c4 Re8 13. Re1 Bf8 14. Bf1 g6 15. g3 Bg7 16. Bg2 Qc7 17. Ne5 Rad8 18. Qe2 a5 19. Rac1 Nxe5 20. dxe5 Nd7 21. Qe3 Bf8 22. Red1 Bc5 23. Qe1 Qb6 24. Bc3 Bb4 25. a3 Bxc3 26. Qxc3 Qc5 27. b4 axb4 28. axb4 Qxe5 29. Rd4 Nf8 30. Rxd8 Qxc3 31. Rxc3 Rxd8 32. b5 Rd1+ 33. Bf1 e5 34. Kg2 Ne6 35. bxc6 bxc6 36. Re3 f6 37. f4 Rd2+ 38. Kg1 Kf7 39. fxe5 f5 40. Bg2 Nd4 41. Ra3 Rc2 42. Ra7+ Ke6 43. Rxh7 Kxe5 44. c5 Rxc5 45. Rg7 Rc1+ 46. Kf2 Rc2+ 47. Kf1 Kf6 48. Rd7 c5 49. Rd6+ Kg7 50. Rd7+ Kh6 51. Rd8 g5 52. Rd6+ Kh5 53. h3 Rd2 54. Bd5 Rd1+ 55. Kf2 Rd2+ 56. Kf1 Rd1+ 57. Kf2 Rd2+ 58. Kf1 1/2-1/2

[Event "Pan American-ch Seniors 50"]
[Site "Neiva"]
[Date "2017.10.16"]
[Round "9"]
[White "Lopez Ramirez, Jorge Hernan"]
[Black "Pelikian, Jefferson"]
[Result "0-1"]
[WhiteElo "1953"]
[BlackElo "2360"]
[PlyCount "88"]
[EventDate "2017.10.11"]
[EventType "swiss"]
[EventRounds "9"]
[EventCountry "COL"]
[SourceTitle "CBM 181 Extra"]
[Source "ChessBase"]
[SourceDate "2017.12.12"]
[SourceVersion "1"]
[SourceVersionDate "2017.12.12"]
[SourceQuality "1"]

1. e4 g6 2. d4 Bg7 3. Nc3 c6 4. Bc4 b5 5. Bb3 b4 6. Qf3 e6 7. Nce2 d5 8. Bd2 Qb6 9. a3 bxa3 10. Rxa3 dxe4 11. Qg3 Ne7 12. Ba5 Qb7 13. Qh4 0-0 14. Qxe4 c5 15. Ng3 Nbc6 16. dxc5 Bxb2 17. Ra2 Bg7 18. N1e2 Nxa5 19. Rxa5 Qc7 20. Ra4 Bb7 21. Qf4 e5 22. Qg5 Bc6 23. Rh4 Qa5+ 24. c3 Qa1+ 25. Qc1 Qxc1+ 26. Nxc1 Bxg2 27. Rg1 Bf3 28. Nd3 Rfd8 29. Kd2 Bd5 30. Bxd5 Nxd5 31. Ne4 f5 32. Nd6 e4 33. c4 Nb6 34. Nxe4 Nxc4+ 35. Kc2 Rd4 36. f3 Na3+ 37. Kd2 Rad8 38. Nf6+ Bxf6 39. Rxd4 Rxd4 40. Ke2 Rc4 41. Rc1 Rxc1 42. Nxc1 Kf7 43. Nd3 Ke6 44. Nb4 Bd4 0-1

[Event "Pan American-ch Seniors 50"]
[Site "Neiva"]
[Date "2017.10.12"]
[Round "3"]
[White "Aguilar, Victor"]
[Black "Pelikian, Jefferson"]
[Result "1-0"]
[WhiteElo "2166"]
[BlackElo "2360"]
[PlyCount "59"]
[EventDate "2017.10.11"]
[EventType "swiss"]
[EventRounds "9"]
[EventCountry "COL"]
[SourceTitle "CBM 181 Extra"]
[Source "ChessBase"]
[SourceDate "2017.12.12"]
[SourceVersion "1"]
[SourceVersionDate "2017.12.12"]
[SourceQuality "1"]

1. d4 d5 2. Nf3 Nf6 3. c4 e6 4. Nc3 Be7 5. g3 0-0 6. Bg2 Nbd7 7. Ne5 c6 8. Nxd7 Bxd7 9. Qd3 Qa5 10. 0-0 Qa6 11. b3 Rfd8 12. Rd1 Be8 13. Bb2 dxc4 14. Qxc4 b5 15. Qd3 Rac8 16. a4 Qb6 17. a5 Qb8 18. e4 c5 19. d5 c4 20. bxc4 bxc4 21. Qe2 e5 22. Ba3 Bxa3 23. Rxa3 Qb4 24. Qa2 Rb8 25. Bf1 Rbc8 26. Bh3 Bd7 27. Bxd7 Rxd7 28. Rb1 Qc5 29. Ra4 Qd4 30. Rxc4 1-0

[Event "Pan American-ch Seniors 50"]
[Site "Neiva"]
[Date "2017.10.11"]
[Round "1"]
[White "Malakhovets, Sergey"]
[Black "Pelikian, Jefferson"]
[Result "0-1"]
[WhiteElo "1926"]
[BlackElo "2360"]
[PlyCount "74"]
[EventDate "2017.10.11"]
[EventType "swiss"]
[EventRounds "9"]
[EventCountry "COL"]
[SourceTitle "CBM 181 Extra"]
[Source "ChessBase"]
[SourceDate "2017.12.12"]
[SourceVersion "1"]
[SourceVersionDate "2017.12.12"]
[SourceQuality "1"]

1. d4 Nf6 2. Bg5 g6 3. Bxf6 exf6 4. e3 Bg7 5. g3 f5 6. Bg2 d6 7. Ne2 Nd7 8. Nd2 Nf6 9. c3 c6 10. Qc2 Rb8 11. a4 0-0 12. 0-0 Re8 13. b4 h5 14. b5 Bd7 15. Qd3 h4 16. Nf4 hxg3 17. hxg3 g5 18. Ne2 Ng4 19. Bf3 Nf6 20. bxc6 bxc6 21. Rab1 Qc7 22. Rxb8 Rxb8 23. Rb1 Rxb1+ 24. Qxb1 d5 25. Qb3 Bf8 26. c4 Qa5 27. Qc2 Ne4 28. Nf1 Qe1 29. Nc1 dxc4 30. g4 Nxf2 31. Qxf2 Qxc1 32. gxf5 Qb1 33. Kg2 Qxf5 34. Qg3 c3 35. e4 Qh3+ 36. Kf2 Qxg3+ 37. Nxg3 c2 0-1

[Event "Paulista-chTB"]
[Site "Sao Paulo"]
[Date "2015.03.08"]
[Round "7.1"]
[White "Pelikian, Jefferson"]
[Black "Leitao, Rafael Duailibe"]
[Result "0-1"]
[WhiteElo "2448"]
[BlackElo "2533"]
[PlyCount "96"]
[EventDate "2015.02.28"]
[EventType "team-tourn"]
[EventRounds "7"]
[EventCountry "BRA"]
[SourceTitle "EXT 2017"]
[Source "ChessBase"]
[SourceDate "2016.10.25"]
[SourceVersion "1"]
[SourceVersionDate "2016.10.25"]
[SourceQuality "1"]
[WhiteTeam "Hebraica"]
[BlackTeam "Sao Jose FIP"]
[WhiteTeamCountry "BRA"]
[BlackTeamCountry "BRA"]

1. e4 c5 2. Nf3 d6 3. Bc4 Nf6 4. Qe2 Nc6 5. c3 Bg4 6. d3 g6 7. Nbd2 Bg7 8. h3 Bd7 9. Bb3 0-0 10. Nf1 b5 11. Ng3 b4 12. 0-0 Ne8 13. cxb4 Nxb4 14. Be3 Nc6 15. Rfd1 Qb6 16. Rab1 Nc7 17. Qd2 Qa5 18. Qc1 Be6 19. Bxe6 Nxe6 20. a3 Rfc8 21. Ne2 Rab8 22. Nd2 Ncd4 23. Bxd4 Nxd4 24. Nxd4 Bxd4 25. Qc2 Qa6 26. g3 Rb5 27. a4 Rb4 28. b3 Qb7 29. h4 h5 30. Kg2 Rb8 31. Rg1 e6 32. g4 hxg4 33. h5 gxh5 34. Rh1 Qe7 35. Rxh5 Qf6 36. Rf1 Qf4 37. Rh4 Bf6 38. Rh5 Kf8 39. Rh7 Ke7 40. f3 Rg8 41. fxg4 Qxg4+ 42. Kf2 Bh4+ 43. Rxh4 Qxh4+ 44. Ke2 Rg2+ 45. Kd1 Qh5+ 46. Kc1 Qe2 47. Rd1 Rd4 48. Qc3 Rxd3 0-1

[Event "Paulista-chTB"]
[Site "Sao Paulo"]
[Date "2015.02.28"]
[Round "2.1"]
[White "Diaz Hollemaert, Nahuel Carlos"]
[Black "Pelikian, Jefferson"]
[Result "1-0"]
[WhiteElo "2407"]
[BlackElo "2448"]
[PlyCount "77"]
[EventDate "2015.02.28"]
[EventType "team-tourn"]
[EventRounds "7"]
[EventCountry "BRA"]
[SourceTitle "EXT 2017"]
[Source "ChessBase"]
[SourceDate "2016.10.25"]
[SourceVersion "1"]
[SourceVersionDate "2016.10.25"]
[SourceQuality "1"]
[WhiteTeam "Pinheiros II"]
[BlackTeam "Hebraica"]
[WhiteTeamCountry "BRA"]
[BlackTeamCountry "BRA"]

1. c4 e6 2. Nc3 d5 3. d4 Nf6 4. Nf3 Be7 5. Bf4 0-0 6. e3 c6 7. Qc2 Nbd7 8. 0-0-0 dxc4 9. Bxc4 Nb6 10. Bb3 Nbd5 11. Ng5 Nxf4 12. exf4 g6 13. h4 Nd5 14. g3 Bd7 15. Nce4 f5 16. Nc5 Bxc5 17. dxc5 Qf6 18. Nf3 Be8 19. Kb1 Rd8 20. Ne5 Bf7 21. Qe2 h5 22. a3 Qe7 23. Qc4 Nc7 24. Qc3 Rxd1+ 25. Rxd1 Rd8 26. Re1 Nd5 27. Qa5 a6 28. Rd1 Nc7 29. Rxd8+ Qxd8 30. Qb6 Qc8 31. Nc4 Nb5 32. a4 Nd4 33. Nd6 Qd7 34. Bc4 Nf3 35. Kc1 g5 36. hxg5 Bg6 37. Qxb7 Qd8 38. Bxe6+ Kf8 39. Qc8 1-0

[Event "Sao Paulo Interclubs Paulista"]
[Site "Sao Paulo"]
[Date "2007.03.03"]
[Round "5"]
[White "Schutt, Ricardo de Amorim"]
[Black "Pelikian, Jefferson"]
[Result "1/2-1/2"]
[WhiteElo "2153"]
[BlackElo "2379"]
[PlyCount "76"]
[EventDate "2007.02.24"]
[EventType "team"]
[EventRounds "7"]
[EventCountry "BRA"]
[SourceTitle "CBM 117 Extra"]
[Source "ChessBase"]
[SourceDate "2007.05.09"]
[SourceVersion "1"]
[SourceVersionDate "2007.05.09"]
[SourceQuality "1"]

1. e4 d6 2. d4 Nf6 3. Nc3 c6 4. g3 Nbd7 5. Bg2 e5 6. Nge2 Be7 7. 0-0 0-0 8. a4 b6 9. h3 Bb7 10. Be3 a6 11. Qd2 Qc7 12. Rfd1 Rfe8 13. Qe1 Bf8 14. dxe5 dxe5 15. f3 Bc5 16. Qf2 a5 17. Nc1 Bxe3 18. Qxe3 Nc5 19. Nd3 Ne6 20. Ne2 Rad8 21. b3 Ba6 22. Nb2 Qe7 23. Bf1 Bxe2 24. Bxe2 Nd4 25. Rac1 b5 26. Kf2 Qa3 27. Nd3 bxa4 28. Ra1 Qe7 29. Rxa4 Qe6 30. Rxa5 Nxe2 31. Qxe2 Qxh3 32. Qf1 Qh2+ 33. Qg2 Qh5 34. Qh1 Qg5 35. Qh4 Qxh4 36. gxh4 Nh5 37. Ke3 Nf4 38. Rd2 f6 1/2-1/2

[Event "Sao Paulo Interclubs Paulista"]
[Site "Sao Paulo"]
[Date "2007.02.25"]
[Round "3"]
[White "Pelikian, Jefferson"]
[Black "Rabinovich, Alexander"]
[Result "0-1"]
[WhiteElo "2379"]
[BlackElo "2423"]
[PlyCount "106"]
[EventDate "2007.02.24"]
[EventType "team"]
[EventRounds "7"]
[EventCountry "BRA"]
[SourceTitle "CBM 117 Extra"]
[Source "ChessBase"]
[SourceDate "2007.05.09"]
[SourceVersion "1"]
[SourceVersionDate "2007.05.09"]
[SourceQuality "1"]

1. e4 e6 2. d4 d5 3. Nd2 Nf6 4. e5 Nfd7 5. c3 c5 6. Bd3 Nc6 7. Ne2 cxd4 8. cxd4 f6 9. exf6 Qxf6 10. Nf3 h6 11. a3 Bd6 12. Bc2 0-0 13. 0-0 Rd8 14. Qd3 Nf8 15. b4 Bd7 16. Bb2 Rac8 17. Rac1 Be8 18. Qd2 Bh5 19. Ne1 Bxe2 20. Qxe2 Nxd4 21. Bxd4 Qxd4 22. Nf3 Qf4 23. g3 Qf6 24. Bb1 Kh8 25. Qd3 Bc7 26. Nh4 g5 27. Ng6+ Nxg6 28. Qxg6 Qxg6 29. Bxg6 Kg7 30. Bd3 Bb8 31. Kg2 Rxc1 32. Rxc1 e5 33. f3 g4 34. fxg4 e4 35. Bb1 Rf8 36. Rf1 Rxf1 37. Kxf1 Kf6 38. h4 Bd6 39. g5+ hxg5 40. hxg5+ Kxg5 41. Ba2 d4 42. Bd5 Kf5 43. Bxb7 d3 44. a4 Bc7 45. b5 Bd8 46. Bc8+ Ke5 47. Bg4 Kd4 48. Kf2 Bb6 49. Bd1 Kc3+ 50. Ke1 Bc7 51. g4 Bg3+ 52. Kf1 Kd2 53. a5 Kxd1 0-1

[Event "BRA-ch 73rd"]
[Site "Guarulhos"]
[Date "2006.12.01"]
[Round "9"]
[White "Pelikian, Jefferson"]
[Black "Fier, Alexandr"]
[Result "1-0"]
[WhiteElo "2385"]
[BlackElo "2490"]
[PlyCount "69"]
[EventDate "2006.11.24"]
[EventType "tourn"]
[EventRounds "11"]
[EventCountry "BRA"]
[EventCategory "7"]
[SourceTitle "CBM 115 Extra"]
[Source "ChessBase"]
[SourceDate "2007.01.10"]
[SourceVersion "1"]
[SourceVersionDate "2007.01.10"]
[SourceQuality "1"]

1. d4 f5 2. Nc3 Nf6 3. Bg5 g6 4. Bxf6 exf6 5. e4 fxe4 6. Nxe4 d5 7. Nd2 Nc6 8. c3 Bf5 9. Ngf3 Qd6 10. Be2 0-0-0 11. 0-0 g5 12. Nb3 Kb8 13. a4 h5 14. a5 b6 15. Nfd2 h4 16. c4 Qf4 17. c5 g4 18. axb6 cxb6 19. Bb5 Rc8 20. Bxc6 Rxc6 21. Qe2 Bd7 22. Rxa7 Kxa7 23. Ra1+ Kb8 24. Qa6 Bxc5 25. Qa8+ Kc7 26. Ra7+ Kd6 27. dxc5+ Rxc5 28. Qxh8 Rc1+ 29. Nxc1 Qxd2 30. Qxf6+ Be6 31. Qe7+ Ke5 32. Qg7+ Kf5 33. Qh7+ Kg5 34. Rg7+ Kf6 35. Qg6+ 1-0

[Event "BRA-ch 73rd"]
[Site "Guarulhos"]
[Date "2006.11.24"]
[Round "1"]
[White "Oliveira, Jefferson dos Santo"]
[Black "Pelikian, Jefferson"]
[Result "1/2-1/2"]
[WhiteElo "2183"]
[BlackElo "2385"]
[PlyCount "66"]
[EventDate "2006.11.24"]
[EventType "tourn"]
[EventRounds "11"]
[EventCountry "BRA"]
[EventCategory "7"]
[SourceTitle "CBM 115 Extra"]
[Source "ChessBase"]
[SourceDate "2007.01.10"]
[SourceVersion "1"]
[SourceVersionDate "2007.01.10"]
[SourceQuality "1"]

1. e4 c6 2. d4 d5 3. exd5 cxd5 4. c4 Nf6 5. Nc3 e6 6. Nf3 Be7 7. cxd5 Nxd5 8. Bc4 Nxc3 9. bxc3 0-0 10. 0-0 Nd7 11. Re1 Nf6 12. Qe2 Bd7 13. Bb3 Rc8 14. d5 Bc5 15. dxe6 fxe6 16. Bxe6+ Bxe6 17. Qxe6+ Kh8 18. Bg5 Qb6 19. Qxb6 Bxb6 20. Bxf6 Rxf6 21. Rac1 h6 22. c4 Rf4 23. Re2 Rfxc4 24. Rxc4 Rxc4 25. Kf1 Rc1+ 26. Re1 Rxe1+ 27. Nxe1 Kh7 28. Ke2 Kg6 29. f4 Kf5 30. Kf3 Bg1 31. h3 b5 32. a4 Ke6 33. Ke4 a6 1/2-1/2

[Event "Vitoria op 1st"]
[Site "Vitoria"]
[Date "2006.09.09"]
[Round "5"]
[White "Pelikian, Jefferson"]
[Black "Farah, Daniel Landshoff"]
[Result "1-0"]
[WhiteElo "2385"]
[BlackElo "1913"]
[PlyCount "69"]
[EventDate "2006.09.07"]
[EventType "swiss"]
[EventRounds "7"]
[EventCountry "BRA"]
[SourceTitle "CBM 114 Extra"]
[Source "ChessBase"]
[SourceDate "2006.11.03"]
[SourceVersion "1"]
[SourceVersionDate "2006.11.03"]
[SourceQuality "1"]

1. e4 c5 2. c3 d5 3. exd5 Qxd5 4. d4 cxd4 5. cxd4 Nc6 6. Nf3 Bg4 7. Be2 e6 8. 0-0 Bd6 9. h3 h5 10. Nc3 Qf5 11. Nh4 Qf6 12. Ne4 Qe7 13. Nxd6+ Qxd6 14. hxg4 hxg4 15. g3 Qe7 16. Bb5 g5 17. Bxc6+ bxc6 18. Nf5 Qf6 19. Nd6+ Kf8 20. Kg2 Rd8 21. Ne4 Qf5 22. Nxg5 f6 23. f3 Qd5 24. Ne4 Rd7 25. Nc3 Qh5 26. fxg4 Qh3+ 27. Kf3 Rh4 28. Bf4 e5 29. Bxe5 fxe5 30. Ke2+ Kg7 31. gxh4 exd4 32. Qd3 Qg2+ 33. Ke1 Nf6 34. Ne2 Re7 35. Qf3 1-0

[Event "Vitoria op 1st"]
[Site "Vitoria"]
[Date "2006.09.09"]
[Round "6"]
[White "Pelikian, Jefferson"]
[Black "Ramos, Angelo Bil"]
[Result "0-1"]
[WhiteElo "2385"]
[BlackElo "2178"]
[PlyCount "78"]
[EventDate "2006.09.07"]
[EventType "swiss"]
[EventRounds "7"]
[EventCountry "BRA"]
[SourceTitle "CBM 114 Extra"]
[Source "ChessBase"]
[SourceDate "2006.11.03"]
[SourceVersion "1"]
[SourceVersionDate "2006.11.03"]
[SourceQuality "1"]

1. e4 c6 2. c4 g6 3. Nf3 Bg7 4. Nc3 d6 5. d4 Bg4 6. Be2 Nd7 7. Be3 e5 8. 0-0 Bxf3 9. Bxf3 Ngf6 10. Qd2 0-0 11. Rad1 Qc7 12. Be2 Rfe8 13. f3 Rad8 14. d5 c5 15. b4 a6 16. Rb1 cxb4 17. Rxb4 Nc5 18. Rfb1 Nfd7 19. Bd1 Rf8 20. Ba4 f5 21. Bxd7 Rxd7 22. Bxc5 Qxc5+ 23. Qf2 Qd4 24. Ne2 Qd3 25. Ng3 Bh6 26. Kh1 fxe4 27. Qf1 Qxf1+ 28. Rxf1 Bd2 29. Rb3 e3 30. Rfb1 Rf4 31. Kg1 Rxc4 32. Kf1 b5 33. Ke2 Rc2 34. R3b2 Rdc7 35. Ne4 Bc1+ 36. Rxc2 Rxc2+ 37. Kd1 e2+ 38. Ke1 Ba3 39. Ng3 Rxa2 0-1

[Event "Sao Bernardo do Campo JAI"]
[Site "Sao Bernardo do Campo"]
[Date "2006.09.??"]
[Round "4"]
[White "Pelikian, Jefferson"]
[Black "Di Berardino, Diego Rafael"]
[Result "1-0"]
[WhiteElo "2385"]
[BlackElo "2370"]
[PlyCount "83"]
[EventDate "2006.09.??"]
[EventType "swiss"]
[EventRounds "5"]
[EventCountry "BRA"]
[SourceTitle "EXT 2022"]
[Source "ChessBase"]
[SourceDate "2021.10.06"]
[SourceVersion "1"]
[SourceVersionDate "2021.10.06"]
[SourceQuality "1"]

1. d4 Nf6 2. Nf3 c5 3. c3 g6 4. e3 b6 5. Bd3 Bb7 6. 0-0 Bg7 7. Re1 d5 8. Nbd2 0-0 9. b4 Nbd7 10. bxc5 bxc5 11. Qa4 Ne4 12. Ba3 Nxd2 13. Nxd2 Qc7 14. Bb5 Nb6 15. Qa5 c4 16. Rab1 Rfd8 17. Nf3 Bf8 18. Ba4 Bc6 19. Bxc6 Qxc6 20. Rb5 f6 21. Reb1 e6 22. Bxf8 Rxf8 23. a4 Qd6 24. Rc5 Rfb8 25. Rcb5 g5 26. h3 h5 27. g3 Qa3 28. e4 Qe7 29. Re1 Qd8 30. e5 g4 31. hxg4 hxg4 32. Nh4 f5 33. Ng6 Kf7 34. Nf4 Qe7 35. Kg2 Rh8 36. Qa6 Rab8 37. a5 Nd7 38. Rxd5 Rb2 39. Rd6 Nb8 40. Qxc4 Qb7+ 41. d5 Rd2 42. a6 1-0

[Event "Paulista-chT Interclubes 17th"]
[Site "Sao Paulo"]
[Date "2006.02.??"]
[Round "4"]
[White "Pelikian, Jefferson"]
[Black "Zampronha, Wladimir Camilo"]
[Result "1-0"]
[WhiteElo "2395"]
[BlackElo "2198"]
[PlyCount "121"]
[EventDate "2006.02.11"]
[EventType "team-tourn"]
[EventRounds "7"]
[EventCountry "BRA"]
[SourceTitle "EXT 2022"]
[Source "ChessBase"]
[SourceDate "2021.10.06"]
[SourceVersion "1"]
[SourceVersionDate "2021.10.06"]
[SourceQuality "1"]
[WhiteTeam "Paulistano CA"]
[BlackTeam "Sao Bernardo do C LX"]
[WhiteTeamCountry "BRA"]
[BlackTeamCountry "BRA"]

1. d4 Nf6 2. Nf3 d6 3. Nc3 Bf5 4. Nh4 Bg4 5. Qd3 Nbd7 6. h3 Bh5 7. e4 e5 8. g4 Bg6 9. Nf5 c6 10. Be3 Qa5 11. 0-0-0 0-0-0 12. Bg2 exd4 13. Qxd4 Bxf5 14. gxf5 c5 15. Qc4 Ne5 16. Qe2 Qb4 17. a3 Qc4 18. Qd2 Qa6 19. Bg5 Be7 20. Bf1 Qa5 21. Be2 Nc6 22. Bc4 Ne5 23. Be2 Nc6 24. Be3 g6 25. fxg6 fxg6 26. f4 Rhe8 27. h4 a6 28. h5 b5 29. hxg6 hxg6 30. Nb1 Qxd2+ 31. Nxd2 d5 32. e5 d4 33. exf6 dxe3 34. Bg4+ Kc7 35. Ne4 Rxd1+ 36. Kxd1 Bf8 37. Rh7+ Kb6 38. Nc3 Rd8+ 39. Ke2 b4 40. axb4 cxb4 41. Na4+ Ka5 42. b3 Nd4+ 43. Kxe3 Nxc2+ 44. Ke4 Nd4 45. Bd1 Nf5 46. Nb2 Rd4+ 47. Ke5 Bd6+ 48. Ke6 Bxf4 49. Nc4+ Kb5 50. Rb7+ Kc6 51. Bf3+ Kc5 52. f7 Bh6 53. Rb8 Nd6 54. Ne3 Nxf7 55. Rc8+ Kb6 56. Rc6+ Ka5 57. Kxf7 Rf4+ 58. Kxg6 Bf8 59. Be2 Rf6+ 60. Kxf6 Bg7+ 61. Ke6 1-0

[Event "BRA-ch sf"]
[Site "Sao Paulo"]
[Date "2006.??.??"]
[Round "3"]
[White "Molina, Roberto Junio Brito"]
[Black "Pelikian, Jefferson"]
[Result "1/2-1/2"]
[WhiteElo "2298"]
[BlackElo "2395"]
[PlyCount "50"]
[EventDate "2006.??.??"]
[EventType "swiss"]
[EventRounds "7"]
[EventCountry "BRA"]
[SourceTitle "EXT 2008"]
[Source "ChessBase"]
[SourceDate "2007.11.25"]
[SourceVersion "1"]
[SourceVersionDate "2007.11.25"]
[SourceQuality "1"]

1. e4 g6 2. d4 c6 3. Nc3 d5 4. Nf3 Bg4 5. Be2 Bxf3 6. Bxf3 e6 7. 0-0 Bg7 8. exd5 cxd5 9. Ne2 Nc6 10. c3 Nge7 11. Nf4 0-0 12. Nd3 b5 13. a3 a5 14. Bf4 Nf5 15. Re1 Nd6 16. h4 Nc4 17. g3 Nd6 18. Kg2 Nf5 19. Rh1 h6 20. Qd2 Kh7 21. Rh3 Nd6 22. Qe2 Re8 23. Ne5 Ne7 24. Qd3 Kg8 25. Re1 Nc4 1/2-1/2